000 00408nam a22001217a 4500
008 230609b xxu||||| |||| 00| 0 eng d
082 _a354.676272820
100 _cGovernment of Kenya
245 _aTreasury Memorandum on the Implementation Status of the Twelfth Report of the Public Investments Committee on the Accounts of State Corporations
260 _aKenya
_bGOK
_c2006
300 _a75p
942 _2ddc
_cBK
999 _c894
_d894